Missing Word: Eponymous Lit. (A-Z) Quiz Stats

 Plays Quiz Updated Dec 2, 2012

Support Sporcle.
Go Orange.
Score 0/24 Timer 03:00
0 Plays Today
Work/Author Missing Word % Correct
____ Poppins
•P.L. Travers•
Mary
97.9%
Harry ____ and the Half-Blood Prince
•J.K. Rowling•
Potter
97.1%
The Great ____
•F. Scott Fitzgerald•
Gatsby
96%
The Adventures of ____ Finn
•Mark Twain•
Huckleberry
95.7%
____-the-Pooh
•A.A. Milne•
Winnie
95.4%
Uncle ____'s Cabin
•Harriet Beecher Stowe•
Tom
91%
Pippi ____
•Astrid Lindgren•
Longstocking
90.9%
A Picture of ____ Gray
•Oscar Wilde•
Dorian
88.3%
Robinson ____
•Daniel Defoe•
Crusoe
87.3%
Don ____
•Miguel de Cervantes•
Quixote
81.9%
The Life and Adventures of ____ Nickleby
•Charles Dickens•
Nicholas
78.4%
Anna ____
•Leo Tolstoy•
Karenina
74.5%
Work/Author Missing Word % Correct
White ____
•Jack London•
Fang
73.3%
The ____ Pimpernel
•Baroness Emmuska Orczy•
Scarlet
72.6%
Doctor ____
•Boris Pasternak•
Zhivago
69.4%
Madame ____
•Gustave Flaubert•
Bovary
67.6%
____ Roy
•Walter Scott•
Rob
65.9%
____ Fowl
•Eoin Colfer•
Artemis
65.4%
One Day in the Life of _____ Denisovich
•Alexander Solzhenitsyn•
Ivan
63.5%
____ Frome
•Edith Wharton•
Ethan
54.3%
A Prayer for____ Meany
•John Irving•
Owen
48.9%
Tess of the D’____
•Thomas Hardy•
Urbervilles
45.8%
The ____ Lestat
•Anne Rice•
Vampire
45.4%
Lucky ____
•Kingsley Amis•
Jim
32.9%

Today's Daily Dose

Word Ladder
ING Words

Get the Picture
Nearest Volcano

From the Vault

Fictional Newspapers

by jblanch

It's tough to write non-fiction for a fictional paper.
Remove Ads.
Support Sporcle.
Get the best of Sporcle when you Go Orange. This ad-free experience offers more features, more stats, and more fun while also helping to support Sporcle. Thank you for becoming a member.

Show Comments

Extras

Top Quizzes Today


Score Distribution

Your Account Isn't Verified!

In order to create a playlist on Sporcle, you need to verify the email address you used during registration. Go to your Sporcle Settings to finish the process.

Report this User

Report this user for behavior that violates our Community Guidelines.

Details: